Historical development of land ownership in the Czech Republic since the foundation of the Czechoslovakia until present

Historický vývoj vlastníctva pôdy a súvisiacich procesov na území Českej republiky od vzniku Československa do súčasnosti. Vlastníctvo pôdy a využívanie pôdy bolo vždy spojené s historickým kontextom a politickým režimom.

Gespeichert in:
Bibliographische Detailangaben
1. Verfasser: Homolac, Luděk
Weitere Verfasser: Tomšík, Karel
Format: Buchkapitel
Sprache:Englisch
Schlagworte:
Tags: Tag hinzufügen
Keine Tags, Fügen Sie das erste Tag hinzu!

MARC

LEADER 00000naa a2200000 4500
001 0227316
005 20221019173018.8
041 0 |a eng 
044 |a CZ 
245 1 0 |a Historical development of land ownership in the Czech Republic since the foundation of the Czechoslovakia until present  |c Luděk Homolac, Karel Tomšík 
520 |a Historický vývoj vlastníctva pôdy a súvisiacich procesov na území Českej republiky od vzniku Československa do súčasnosti. Vlastníctvo pôdy a využívanie pôdy bolo vždy spojené s historickým kontextom a politickým režimom. 
610 2 0 |a Československo 
610 2 0 |a Česko 
610 2 0 |a vlastníctvo pozemkové 
610 2 0 |a politika pozemková 
610 2 0 |a reformy pozemkové 
610 2 0 |a využitie pôdy 
610 2 0 |a história 
100 1 |a Homolac, Luděk 
700 1 |a Tomšík, Karel